Řízení spolehlivosti ve strojírenstve a v elektrotechnice

Guardado en:
Detalles Bibliográficos
Formato: Libro
Lenguaje:checo
Publicado: Praha Dům techniky ČSVTS 1982
Etiquetas: Agregar Etiqueta
Sin Etiquetas, Sea el primero en etiquetar este registro!

MARC

LEADER 00000nam a2200000 4500
001 c115162
005 20041019155200.6
041 0 |a cze 
044 |a CZ 
245 1 0 |a Řízení spolehlivosti ve strojírenstve a v elektrotechnice 
264 1 |a Praha  |b Dům techniky ČSVTS  |c 1982 
300 |a 162 s.